[Event "Hong Kong-ch op"]
[Site "Hong Kong"]
[Date "2012.10.02"]
[Round "9"]
[White "Wong, Meng Kong"]
[Black "Lim, Kian Hwa"]
[Result "1-0"]
[WhiteElo "2323"]
[BlackElo "1824"]
[PlyCount "119"]
[EventDate "2012.09.28"]
[EventType "swiss"]
[EventRounds "9"]
[EventCountry "HKG"]
[SourceTitle "EXT 2024"]
[Source "ChessBase"]
[SourceDate "2023.10.10"]
[SourceVersion "1"]
[SourceVersionDate "2023.10.10"]
[SourceQuality "1"]

1. c4 Nf6 2. g3 d6 3. Bg2 e5 4. Nf3 Nbd7 5. 0-0 Be7 6. Nc3 c6 7. d3 0-0 8. Rb1 b6 9. Nh4 Bb7 10. Nf5 Re8 11. Nxe7+ Qxe7 12. b4 Nf8 13. Bg5 Ne6 14. Bxf6 Qxf6 15. b5 Nd8 16. bxc6 Bxc6 17. Nd5 Bxd5 18. Bxd5 Rc8 19. Qd2 Ne6 20. a4 Rc5 21. Bg2 Qe7 22. Ra1 Ra5 23. Rfb1 Nc5 24. Qd1 f5 25. Rb5 e4 26. Rxa5 bxa5 27. d4 Na6 28. e3 Qf7 29. h4 Nb4 30. Bf1 h6 31. h5 g5 32. hxg6 Qxg6 33. Be2 Rf8 34. Qd2 Kf7 35. c5 d5 36. Kg2 Rh8 37. Rh1 h5 38. Rh4 Qg5 39. Kf1 Rh6 40. Qd1 Kg6 41. Bb5 Rh8 42. Bd7 Nd3 43. c6 Qe7 44. Bxf5+ Kxf5 45. Rxh5+ Rxh5 46. Qxh5+ Kf6 47. g4 Qb4 48. Qf5+ Ke7 49. c7 Qb1+ 50. Kg2 Ne1+ 51. Kg3 Nf3 52. Qxf3 exf3 53. c8Q Qh1 54. Qc7+ Kf6 55. Qe5+ Kg6 56. Qh5+ Qxh5 57. gxh5+ Kxh5 58. Kxf3 Kh4 59. Kf4 Kh3 60. f3 1-0

[Event "Hong Kong-ch op"]
[Site "Hong Kong"]
[Date "2012.10.01"]
[Round "6"]
[White "Xu, Jialun"]
[Black "Wong, Meng Kong"]
[Result "1/2-1/2"]
[WhiteElo "2150"]
[BlackElo "2323"]
[PlyCount "135"]
[EventDate "2012.09.28"]
[EventType "swiss"]
[EventRounds "9"]
[EventCountry "HKG"]
[SourceTitle "EXT 2024"]
[Source "ChessBase"]
[SourceDate "2023.10.10"]
[SourceVersion "1"]
[SourceVersionDate "2023.10.10"]
[SourceQuality "1"]

1. e4 d5 2. exd5 Qxd5 3. Nc3 Qd6 4. d4 Nf6 5. Nf3 a6 6. Be2 Nc6 7. Be3 Bg4 8. Qd2 e6 9. 0-0 0-0-0 10. Rad1 Be7 11. Qc1 Nd5 12. Nxd5 exd5 13. c3 Qg6 14. Kh1 Bd6 15. Nh4 Qh5 16. Bxg4+ Qxg4 17. Nf3 f6 18. h3 Qf5 19. Qb1 Qd7 20. Nh4 Ne7 21. f4 g6 22. Qd3 Rde8 23. Rde1 c6 24. b4 Bc7 25. Bd2 Kd8 26. Re2 Nc8 27. Rfe1 Nd6 28. Rxe8+ Rxe8 29. Rxe8+ Qxe8 30. Nf3 Ne4 31. Kg1 Nxd2 32. Qxd2 Qe4 33. Kf1 Bxf4 34. Qe2 Be3 35. a4 Kc7 36. a5 Kd6 37. Ne1 Qf4+ 38. Qf3 Qxf3+ 39. Nxf3 Ke7 40. Ke2 Bf4 41. Ne1 Bc7 42. Kd3 b6 43. axb6 Bxb6 44. Nc2 a5 45. bxa5 Bxa5 46. c4 Ke6 47. Ne3 h5 48. cxd5+ cxd5 49. g4 Bc7 50. gxh5 gxh5 51. Ng2 Bh2 52. Nh4 Bf4 53. Ke2 Bg5 54. Ng2 Kf5 55. Kf3 Bc1 56. Nh4+ Kg5 57. Ng2 Bd2 58. Ke2 Bf4 59. Kf3 Bc1 60. Ke2 Bb2 61. Ne3 Bxd4 62. Nxd5 Kh4 63. Nxf6 Bxf6 64. Kf2 Kxh3 65. Kg1 Bh4 66. Kh1 Be1 67. Kg1 Kg3 68. Kh1 1/2-1/2

[Event "Hong Kong-ch op"]
[Site "Hong Kong"]
[Date "2012.09.30"]
[Round "5"]
[White "Wong, Meng Kong"]
[Black "Chen, Baining"]
[Result "1/2-1/2"]
[WhiteElo "2323"]
[BlackElo "1984"]
[PlyCount "91"]
[EventDate "2012.09.28"]
[EventType "swiss"]
[EventRounds "9"]
[EventCountry "HKG"]
[SourceTitle "EXT 2024"]
[Source "ChessBase"]
[SourceDate "2023.10.10"]
[SourceVersion "1"]
[SourceVersionDate "2023.10.10"]
[SourceQuality "1"]

1. c4 Nf6 2. g3 e6 3. Bg2 d5 4. Nf3 Be7 5. 0-0 0-0 6. b3 b6 7. Bb2 Bb7 8. a3 c5 9. cxd5 exd5 10. d4 Nbd7 11. Nc3 Ne4 12. dxc5 Bf6 13. Rc1 bxc5 14. Na4 Bxb2 15. Nxb2 Qf6 16. Qc2 Rfe8 17. Nd2 Nd6 18. Nb1 Rab8 19. Nd3 c4 20. Nf4 Qe5 21. Rfd1 Nf6 22. bxc4 Nxc4 23. Qc3 g5 24. Nxd5 Bxd5 25. Bxd5 Nb2 26. Bxf7+ Kxf7 27. Qxe5 Rxe5 28. Rd2 Na4 29. Rdc2 Re7 30. Kf1 Rb3 31. Rc4 Nb6 32. R4c3 Rb2 33. R3c2 Rxc2 34. Rxc2 Nfd5 35. Ke1 Rc7 36. Rxc7+ Nxc7 37. h3 Ke6 38. Kd2 Ke5 39. Kd3 Ne6 40. f3 h5 41. e3 Nc5+ 42. Ke2 Nc4 43. f4+ gxf4 44. exf4+ Ke4 45. Nc3+ Kf5 46. Kf3 1/2-1/2

[Event "Hong Kong-ch op"]
[Site "Hong Kong"]
[Date "2012.09.29"]
[Round "2"]
[White "Garceran Nieuwenburg, David"]
[Black "Wong, Meng Kong"]
[Result "0-1"]
[WhiteElo "1854"]
[BlackElo "2323"]
[PlyCount "66"]
[EventDate "2012.09.28"]
[EventType "swiss"]
[EventRounds "9"]
[EventCountry "HKG"]
[SourceTitle "EXT 2024"]
[Source "ChessBase"]
[SourceDate "2023.10.10"]
[SourceVersion "1"]
[SourceVersionDate "2023.10.10"]
[SourceQuality "1"]

1. d4 Nf6 2. Nc3 d6 3. Bg5 Nbd7 4. f3 e5 5. e4 Be7 6. Be3 c6 7. Qd2 Qc7 8. Bc4 b5 9. Bd3 a6 10. Nh3 exd4 11. Bxd4 b4 12. Nd1 c5 13. Bxf6 Nxf6 14. Bc4 Bxh3 15. gxh3 d5 16. Bxd5 Nxd5 17. exd5 0-0 18. c4 bxc3 19. Nxc3 Qe5+ 20. Kf2 Bg5 21. Qe2 Qd4+ 22. Kg2 Rfe8 23. Qd1 Rab8 24. Qxd4 cxd4 25. Ne4 Bf4 26. b3 Red8 27. Nc5 Rxd5 28. Ne4 Rc8 29. Rhf1 g5 30. Ng3 Be3 31. Rfe1 Rc2+ 32. Re2 d3 33. Rxc2 dxc2 0-1

[Event "Kuala Lumpur DYTM op"]
[Site "Kuala Lumpur"]
[Date "2012.09.22"]
[Round "8"]
[White "Wong, Meng Kong"]
[Black "Cuhendi, Sean Winshand"]
[Result "1/2-1/2"]
[WhiteElo "2323"]
[BlackElo "2148"]
[PlyCount "92"]
[EventDate "2012.09.18"]
[EventType "swiss"]
[EventRounds "9"]
[EventCountry "MAS"]
[SourceTitle "CBM 150 Extra"]
[Source "ChessBase"]
[SourceDate "2012.10.19"]
[SourceVersion "1"]
[SourceVersionDate "2012.10.19"]
[SourceQuality "1"]

1. g3 d5 2. Bg2 Nc6 3. d4 Bf5 4. c3 Qd7 5. Nf3 h5 6. h4 f6 7. Nbd2 e5 8. dxe5 fxe5 9. Ng5 0-0-0 10. Bxd5 Qxd5 11. e4 Bxe4 12. Ngxe4 Nf6 13. Qe2 Be7 14. 0-0 Ng4 15. Nf3 Rhf8 16. Bg5 Qd3 17. Qxd3 Rxd3 18. Ne1 Rd7 19. Nc2 Nf6 20. Bxf6 gxf6 21. Rfd1 f5 22. Rxd7 Kxd7 23. Nd2 Ke6 24. Kf1 b5 25. a3 Na5 26. Re1 Kf6 27. b4 Rd8 28. Ke2 Nb7 29. Ne3 a5 30. Rb1 c6 31. c4 axb4 32. axb4 f4 33. Nc2 bxc4 34. Nxc4 Nd6 35. Nxd6 Bxd6 36. Rd1 fxg3 37. fxg3 Be7 38. Rxd8 Bxd8 39. Kf3 Be7 40. g4 hxg4+ 41. Kxg4 Bf8 42. Kf3 Kf5 43. Ne3+ Kg6 44. Ke4 Kh5 45. Nc4 Bxb4 46. Nxe5 Kxh4 1/2-1/2

[Event "Kuala Lumpur DYTM op"]
[Site "Kuala Lumpur"]
[Date "2012.09.20"]
[Round "6"]
[White "Wong, Meng Kong"]
[Black "Vahidov, Tair"]
[Result "1/2-1/2"]
[WhiteElo "2323"]
[BlackElo "2477"]
[PlyCount "60"]
[EventDate "2012.09.18"]
[EventType "swiss"]
[EventRounds "9"]
[EventCountry "MAS"]
[SourceTitle "CBM 150 Extra"]
[Source "ChessBase"]
[SourceDate "2012.10.19"]
[SourceVersion "1"]
[SourceVersionDate "2012.10.19"]
[SourceQuality "1"]

1. c4 Nf6 2. Nf3 g6 3. Nc3 d5 4. Qa4+ Bd7 5. Qb3 dxc4 6. Qxc4 a6 7. g3 Nc6 8. Bg2 Bg7 9. 0-0 0-0 10. d3 e5 11. Qh4 Ne8 12. Bg5 f6 13. Bh6 Nd6 14. e4 g5 15. Qh5 Be8 16. Qh3 Bd7 17. Qh5 Bxh6 18. Qxh6 Bg4 19. Nd5 Kh8 20. h4 Bxf3 21. Bxf3 Nd4 22. Bg4 gxh4 23. Qxh4 c6 24. Ne3 f5 25. Qxd8 Raxd8 26. exf5 N6xf5 27. Nc4 Nh6 28. Bd1 Rf5 29. a4 Nf7 30. Kg2 Nd6 1/2-1/2